Bilecik Bilecik Bilecik Bilecik Bilecik

Liderlikte duygusal zeka : (Record no. 19214)

MARC details
000 -BAŞLIK
Sabit Uzunluktaki Kontrol Alanı 01264nam a22003497a 4500
001 - KONTROL NUMARASI
Control Dosyası 0019257
003 - KONTROL NUMARASI KİMLİĞİ
Kontrol Alanı KOHA_MİRAKIL
005 - EN SON İŞLEM TARİHİ ve ZAMANI
Kontrol Alanı 20260207002229.0
007 - FİZİKSEL TANIM SABİT ALAN - GENEL BİLGİ
Sabit uzunluklu kontrol alanı ta
008 - SABİT UZUNLUKTAKİ VERİ ÖGELERİ - GENEL BİLGİ
Sabit Alan 100708b2003 tu |||gr||||#||||0|tur |
020 ## - ISBN - ULUSLARARASI STANDART KİTAP NUMARASI
Isbn 9753221347
040 ## - KATALOGLAMA KAYNAĞI
Özgün Kataloglama Kurumu TR-BiSEU
Kataloglama Dili tur
Çeviri Kurumu TR-BiSEU
Açıklama Kuralları rda
041 0# - DİL KODU
Metin ya da ses kaydının dil kodu tur
044 ## - YAYINLAYAN/ÜRETEN KURULUŞUN ÜLKE KODU
ISO country code tu
050 ## - SINIFLAMA ve YER NUMARASI
Sınıflama Numarası HD38.2
Yer Numarası .C66 2003
100 1# - KİŞİ ADI
Yazar Adı (Kişi adı) Cooper, Robert K..
240 10 - TEK BİÇİM BAŞLIK
Tekbiçim Başlık <a href="Executive EQ :emotional intelligence in leadership and organizations">Executive EQ :emotional intelligence in leadership and organizations</a>
Language of a work Türkçe
245 1# - ESER ADI BİLDİRİMİ
Başlık Liderlikte duygusal zeka :
Alt Eseradı vb. yönetim ve organizasyonlarda duygusal zeka =
-- Executive EQ :emotional intelligence in leadership and organizations/
Sorumluluk Bildirimi Robert K. Cooper ; Robert K. Cooper ve Ayman Sawaf; çev.Z.B.Ayman, B.Sancar.
264 #1 - ÜRERİM, YAYIN, DAĞITIM ve TELİF BİLDİRİMİ
Yayın yeri İstanbul :
Yayınlayan Sistem
Yayın tarihi 2003
300 ## - FİZİKSEL TANIMLAMA
Sayfa, Cilt vb. XIII, 436 s. ;
Boyutları 21 cm.
336 ## - İÇERİK TÜRÜ
Content type term metin
Content type code txt
Source rdacontent
337 ## - MEDYA TÜRÜ
Media type term aracısız
Media type code n
Source rdamedia
338 ## - TAŞIYICI TÜRÜ
Carrier type term cilt
Carrier type code nc
Source rdacarrier
490 1# - DİZİ BİLDİRİMİ
Dizi Bildirimi Sistem yayıncılık ;
Cilt Numarası 218.
500 ## - GENEL NOT
Genel Not Kaynakça var.
650 #0 - KONU BAŞLIĞI EK GİRİŞ - KONU TERİMİ
Konusal terim veya coğrafi ad Yönetici yeteneği.
9 (RLIN) 6505
650 #0 - KONU BAŞLIĞI EK GİRİŞ - KONU TERİMİ
Konusal terim veya coğrafi ad Yönetim--Psikolojik yönler.
9 (RLIN) 13863
650 #0 - KONU BAŞLIĞI EK GİRİŞ - KONU TERİMİ
Konusal terim veya coğrafi ad Executive ability.
9 (RLIN) 6506
650 #0 - KONU BAŞLIĞI EK GİRİŞ - KONU TERİMİ
Konusal terim veya coğrafi ad Management--Psychological aspects.
9 (RLIN) 42476
830 1# - SERİ EK GİRİŞİ - TEKBİÇİM ESER ADI
Tekbiçim Başlık Sistem yayıncılık ;
Volume number/sequential designation 218.
9 (RLIN) 5540
942 ## - EK GİRİŞ ÖGELERİ (KOHA)
Source of classification or shelving scheme Library of Congress Classification
Koha item type Book
Holdings
Materyal Türü Kalıcı Konum Mevcut Konum Sınıflandırma Kaynağı Edinim Bilgisi Ana Konular Alt Konular Yer Numarası Demirbaş Numarası Fatura Tarihi Maliyet, Alış Fiyatı Maliyet, Yenileme Fiyatı Geri Çekilme Durumu Kayıp Durumu Hasarlı Durumu Kredi için değil Kayıt Tarih Toplam Ödünçverme Son Görülme Tarihi Son Kontrol Tarihi Genel / Bağış Notu
Book BŞEÜ Gölpazarı MYO Kütüphanesi BŞEÜ Gölpazarı MYO Kütüphanesi Library of Congress Classification Bağış SOSYAL BİLİMLER Endüstriler, Arazi Kullanımı, İşgücü HD38.2 .C66 2003 0019257 02/02/2026 10.00 10.00         08/07/2010   05/12/2024 05/12/2024 Genel Bağış